论精神: (Record no. 20433)
[ view plain ]
| 000 -LEADER | |
|---|---|
| fixed length control field | 00743nam a2200205Ia 4500 |
| 008 - FIXED-LENGTH DATA ELEMENTS--GENERAL INFORMATION | |
| fixed length control field | 200826s9999||||xx |||||||||||||| ||und|| |
| 020 ## - INTERNATIONAL STANDARD BOOK NUMBER | |
| International Standard Book Number | 2718603232 |
| 020 ## - INTERNATIONAL STANDARD BOOK NUMBER | |
| International Standard Book Number | 9782718603230 |
| 041 ## - LANGUAGE CODE | |
| Language code of text/sound track or separate title | chi |
| 050 ## - LIBRARY OF CONGRESS CALL NUMBER | |
| Classification number | B3279.H49 |
| Item number | .D48 2014 |
| 100 ## - MAIN ENTRY--PERSONAL NAME | |
| Personal name | Derrida, Jacques |
| 245 #0 - TITLE STATEMENT | |
| Title | 论精神: |
| Remainder of title | 海德格尔与问题 = De l'esprit: Heidegger et la question / |
| Statement of responsibility, etc. | Jacques Derrida |
| 246 ## - VARYING FORM OF TITLE | |
| Title proper/short title | 論精神 : |
| Remainder of title | 海德格爾與問題 = De l'esprit: Heidegger et la question / |
| 260 ## - PUBLICATION, DISTRIBUTION, ETC. | |
| Place of publication, distribution, etc. | 上海 : |
| Name of publisher, distributor, etc. | 上海译文出版社, |
| Date of publication, distribution, etc. | 2014 |
| 300 ## - PHYSICAL DESCRIPTION | |
| Extent | 199 p. |
| Other physical details | ; |
| Dimensions | 20 cm. |
| 500 ## - GENERAL NOTE | |
| General note | Translation of: De l'esprit: Heidegger et la question. |
| 650 ## - SUBJECT ADDED ENTRY--TOPICAL TERM | |
| Topical term or geographic name entry element | Philosophy - German - 1912-1969.Spirit Philosophy. |
| 650 ## - SUBJECT ADDED ENTRY--TOPICAL TERM | |
| Topical term or geographic name entry element | Spirit Philosophy. |
| Withdrawn status | Lost status | Damaged status | Not for loan | Home library | Current library | Shelving location | Date acquired | Total Checkouts | Full call number | Barcode | Date last seen | Price effective from | Koha item type |
|---|---|---|---|---|---|---|---|---|---|---|---|---|---|
| GETS Theological Seminary Library | GETS Theological Seminary Library | General Stacks | 08/26/2020 | B3279.H49 .D48 2014 | 00007991 | 08/26/2020 | 08/26/2020 | Chinese Book |